[Event "Frederica Chess WIM 2022"]
[Site "Fredericia"]
[Date "2022.05.25"]
[Round "1.1"]
[White "Goossens, Hanne"]
[Black "Dwilewicz, Katarzyna"]
[Result "1/2-1/2"]
[WhiteElo "2184"]
[BlackElo "2079"]
[PlyCount "99"]
[EventDate "2022.05.25"]
[EventType "tourn"]
[EventRounds "10"]
[EventCountry "DEN"]

1. d4 Nf6 2. Nc3 d5 3. Bf4 a6 4. e3 Bf5 5. Nf3 e6 6. Bd3 Bg6 7. Ne5 Nbd7 8.
Nxg6 hxg6 9. h4 c5 10. dxc5 Bxc5 11. a3 b5 12. e4 Qb6 13. Qf3 g5 14. Bxg5 Ne5
15. Qe2 Nfg4 16. Nd1 f6 17. Bf4 O-O-O 18. f3 Nxd3+ 19. cxd3 Ne5 20. Rc1 Kb7 21.
Bxe5 fxe5 22. Nf2 Bd4 23. Ng4 g6 24. exd5 exd5 25. g3 Rhf8 26. Kf1 Qe6 27. Kg2
Rde8 28. Rc2 Rf7 29. Re1 Qd6 30. Rec1 Ref8 31. Rf1 Qe6 32. f4 e4 33. dxe4 dxe4
34. Re1 Re7 35. Ne3 Bb6 36. Rd1 Rd7 37. Rxd7+ Qxd7 38. Ng4 Qd4 39. Ne5 Rf6 40.
Qd2 Qg1+ 41. Kh3 Bd4 42. Qb4 Qh1+ 43. Rh2 Qf1+ 44. Rg2 Qh1+ 45. Kg4 Qd1+ 46.
Kh3 Qh1+ 47. Kg4 Qd1+ 48. Kh3 Qh1+ 49. Kg4 Qd1+ 50. Kh3 1/2-1/2

[Event "Frederica Chess WIM 2022"]
[Site "Fredericia"]
[Date "2022.05.25"]
[Round "1.2"]
[White "Lach, Aleksandra"]
[Black "Doluhanova, Evgeniya"]
[Result "1/2-1/2"]
[WhiteElo "2202"]
[BlackElo "2270"]
[PlyCount "117"]
[EventDate "2022.05.25"]
[EventType "tourn"]
[EventRounds "10"]
[EventCountry "DEN"]

1. e4 e5 2. Bc4 Nc6 3. Nc3 Bc5 4. Qg4 g6 5. Qf3 Qf6 6. Nd5 Qxf3 7. Nxf3 Bb6 8.
c3 d6 9. b4 Nd8 10. d4 f6 11. Be3 Be6 12. Nxb6 axb6 13. Bxe6 Nxe6 14. d5 Nf8
15. Nd2 Ne7 16. O-O Nd7 17. c4 Ra4 18. Rfb1 Kf7 19. a3 c6 20. Rb3 f5 21. f3
cxd5 22. cxd5 f4 23. Bf2 Rc8 24. Kf1 Rc7 25. Ke2 Nc8 26. Kd3 Na7 27. Rc3 Nb5
28. Rxc7 Nxc7 29. Kc2 b5 30. Kb3 Ra8 31. Rc1 Rc8 32. Nb1 Nf6 33. Bb6 Nfe8 34.
Nc3 Ra8 35. Ne2 Rc8 36. h4 Ke7 37. Nc3 Kd7 38. Rc2 Na8 39. Bf2 Nac7 40. a4
bxa4+ 41. Nxa4 Na8 42. Nc3 Nec7 43. b5 Rg8 44. Kb4 g5 45. hxg5 Rxg5 46. Bh4 Rh5
47. g3 fxg3 48. Bxg3 Nb6 49. f4 exf4 50. Bxf4 Rh4 51. Rf2 Rg4 52. Kb3 Ke7 53.
Be3 Nd7 54. Rh2 Nf6 55. Bd4 Nce8 56. Ra2 h5 57. Ra7 Nxe4 58. Rxb7+ Kd8 59. Bb6+
1/2-1/2

[Event "Frederica Chess WIM 2022"]
[Site "Fredericia"]
[Date "2022.05.25"]
[Round "2.1"]
[White "Lach, Aleksandra"]
[Black "Andersson, Christin"]
[Result "1-0"]
[WhiteElo "2202"]
[BlackElo "2028"]
[PlyCount "87"]
[EventDate "2022.05.25"]
[EventType "tourn"]
[EventRounds "10"]
[EventCountry "DEN"]

1. e4 e5 2. Bc4 d6 3. d3 Nf6 4. f4 Nc6 5. Nf3 Bg4 6. h3 Bxf3 7. Qxf3 exf4 8.
Bxf4 Ne5 9. Bxe5 dxe5 10. Nd2 Bd6 11. O-O-O Qe7 12. g4 h6 13. h4 Rf8 14. g5
hxg5 15. hxg5 Nd7 16. Qg4 O-O-O 17. Rh7 Bc5 18. Rxg7 Rg8 19. Rxf7 Qxg5 20. Qxg5
Rxg5 21. Nf3 Be3+ 22. Kb1 Rg6 23. Rxd7 Rxd7 24. Nxe5 Rdd6 25. Nxg6 Rxg6 26. c3
Rg2 27. Be6+ Kd8 28. d4 Ke7 29. Bc8 b6 30. Re1 Bf4 31. Rh1 a5 32. a4 Rg7 33.
Kc2 Rg8 34. Bf5 Rg7 35. Rf1 Bh2 36. Rf2 Bg1 37. Rf3 Bh2 38. Kd3 Rg2 39. b3 Rg3
40. Rxg3 Bxg3 41. e5 Be1 42. Kc4 Bd2 43. b4 Be1 44. b5 1-0

[Event "Frederica Chess WIM 2022"]
[Site "Fredericia"]
[Date "2022.05.25"]
[Round "2.2"]
[White "Durrfeld, Sofie Bech"]
[Black "Goossens, Hanne"]
[Result "0-1"]
[WhiteElo "1773"]
[BlackElo "2184"]
[PlyCount "62"]
[EventDate "2022.05.25"]
[EventType "tourn"]
[EventRounds "10"]
[EventCountry "DEN"]

1. e4 c5 2. Nc3 d6 3. d4 cxd4 4. Qxd4 Nf6 5. b3 g6 6. Bb2 Bg7 7. O-O-O Nc6 8.
Qd2 O-O 9. f3 Qa5 10. Kb1 Be6 11. Nge2 Rac8 12. g4 Rfd8 13. Nf4 Ne5 14. Nxe6
fxe6 15. Be2 Nfd7 16. f4 Nc6 17. Bc4 Nf8 18. f5 Ne5 19. Bxe6+ Nxe6 20. fxe6 Nf3
21. Qf2 Rxc3 22. Rd5 Qc7 23. e5 Nxe5 24. Bxc3 Qxc3 25. Qd2 Nxg4 26. Qxc3 Bxc3
27. Rg5 Nf2 28. Rf1 Ne4 29. Rg2 Nd2+ 30. Rxd2 Bxd2 31. Rf7 Rf8 0-1

[Event "Frederica Chess WIM 2022"]
[Site "Fredericia"]
[Date "2022.05.25"]
[Round "2.3"]
[White "Doluhanova, Evgeniya"]
[Black "Dwilewicz, Katarzyna"]
[Result "1/2-1/2"]
[WhiteElo "2270"]
[BlackElo "2079"]
[PlyCount "50"]
[EventDate "2022.05.25"]
[EventType "tourn"]
[EventRounds "10"]
[EventCountry "DEN"]

1. c4 Nf6 2. Nf3 e6 3. b3 d5 4. Bb2 c5 5. cxd5 exd5 6. d4 Nc6 7. a3 Bd6 8. dxc5
Bxc5 9. e3 O-O 10. Be2 Re8 11. O-O Qe7 12. Nc3 Be6 13. b4 Bd6 14. Nb5 Bb8 15.
Nbd4 Bd7 16. Qb3 Ne5 17. Rfd1 Bd6 18. Nxe5 Bxe5 19. Bf3 Rad8 20. Ne2 Ba4 21.
Qxa4 Bxb2 22. Ra2 Be5 23. Qxa7 Ne4 24. Bxe4 dxe4 25. Qa4 Rd3 1/2-1/2

[Event "Frederica Chess WIM 2022"]
[Site "Fredericia"]
[Date "2022.05.26"]
[Round "3.2"]
[White "Dwilewicz, Katarzyna"]
[Black "Durrfeld, Sofie Bech"]
[Result "1-0"]
[WhiteElo "2079"]
[BlackElo "1773"]
[PlyCount "111"]
[EventDate "2022.05.25"]
[EventType "tourn"]
[EventRounds "10"]
[EventCountry "DEN"]

1. e4 c5 2. Nf3 g6 3. c3 Nf6 4. e5 Nd5 5. d4 cxd4 6. cxd4 Bg7 7. Nc3 Nxc3 8.
bxc3 O-O 9. Bd3 d6 10. O-O dxe5 11. Nxe5 Nd7 12. Nf3 e5 13. Bg5 Qc7 14. Rc1
exd4 15. cxd4 Qa5 16. Re1 Nf6 17. Bc4 Bg4 18. Re5 Qa3 19. Bb3 Rac8 20. Rxc8
Rxc8 21. h3 Bd7 22. Qe2 h6 23. Qe3 Qb2 24. Bxh6 Bxh6 25. Qxh6 Qc1+ 26. Qxc1
Rxc1+ 27. Re1 Rxe1+ 28. Nxe1 Kf8 29. Nd3 Ke7 30. f3 Be6 31. Bxe6 Kxe6 32. Nc5+
Kd5 33. Nxb7 Nd7 34. Na5 Kxd4 35. Nc6+ Kc5 36. Nxa7 Nf6 37. a4 Nd5 38. g4 Nf4
39. h4 Kb4 40. Nc8 Kxa4 41. Nd6 f6 42. Kf2 Kb4 43. Ne4 f5 44. gxf5 gxf5 45. Nd6
Kc5 46. Nxf5 Kd5 47. Kg3 Ke5 48. Ne3 Ne6 49. Kg4 Kf6 50. f4 Ng7 51. f5 Kf7 52.
Kg5 Ne8 53. Ng4 Ng7 54. h5 Kg8 55. h6 Ne8 56. Nf6+ 1-0

[Event "Frederica Chess WIM 2022"]
[Site "Fredericia"]
[Date "2022.05.26"]
[Round "3.3"]
[White "Andersson, Christin"]
[Black "Doluhanova, Evgeniya"]
[Result "0-1"]
[WhiteElo "2028"]
[BlackElo "2270"]
[PlyCount "90"]
[EventDate "2022.05.25"]
[EventType "tourn"]
[EventRounds "10"]
[EventCountry "DEN"]

1. e4 e5 2. Nf3 Nc6 3. Bc4 Bc5 4. O-O Nf6 5. c3 O-O 6. d4 Be7 7. Bg5 exd4 8.
Bxf6 Bxf6 9. Nxd4 Ne5 10. Bb3 d6 11. f4 Ng6 12. Nd2 Re8 13. g4 Bxd4+ 14. cxd4
Ne7 15. Nf3 d5 16. Ne5 f6 17. Nd3 Kh8 18. e5 Nc6 19. Nf2 g5 20. fxg5 fxe5 21.
dxe5 Qxg5 22. Qxd5 Be6 23. Qg2 Bxb3 24. axb3 Rxe5 25. Rad1 Rg8 26. Kh1 Re2 27.
Rd7 Ne5 28. Ne4 Rxe4 29. Rxh7+ Kxh7 30. Qxe4+ Kh8 31. h3 Nxg4 32. Qxg4 Qxg4 33.
hxg4 Rxg4 34. Rf3 Kg7 35. Kh2 c6 36. Kh3 Rg5 37. Rf4 a6 38. Rf3 Kg6 39. Rc3 Kf6
40. Rc4 Ke6 41. Rd4 Rd5 42. Re4+ Kf5 43. Re3 Kf4 44. Rc3 Rd2 45. Rc4+ Ke5 0-1

[Event "Frederica Chess WIM 2022"]
[Site "Fredericia"]
[Date "2022.05.26"]
[Round "4.1"]
[White "Lach, Aleksandra"]
[Black "Dwilewicz, Katarzyna"]
[Result "1/2-1/2"]
[WhiteElo "2202"]
[BlackElo "2079"]
[PlyCount "27"]
[EventDate "2022.05.25"]
[EventType "tourn"]
[EventRounds "10"]
[EventCountry "DEN"]

1. e4 e5 2. Nf3 Nc6 3. Bc4 Bc5 4. O-O Nf6 5. d3 d6 6. c3 h6 7. b4 Bb6 8. Bb3 a6
9. Nbd2 O-O 10. Re1 Ng4 11. Rf1 Nf6 12. Re1 Ng4 13. Rf1 Nf6 14. Re1 1/2-1/2

[Event "Frederica Chess WIM 2022"]
[Site "Fredericia"]
[Date "2022.05.26"]
[Round "4.2"]
[White "Doluhanova, Evgeniya"]
[Black "Durrfeld, Sofie Bech"]
[Result "1-0"]
[WhiteElo "2270"]
[BlackElo "1773"]
[PlyCount "97"]
[EventDate "2022.05.25"]
[EventType "tourn"]
[EventRounds "10"]
[EventCountry "DEN"]

1. c4 e5 2. d3 Bc5 3. Nf3 Nc6 4. a3 a6 5. Nc3 d6 6. g3 Nge7 7. Bg2 O-O 8. O-O
Ba7 9. b4 Nd4 10. Nxd4 Bxd4 11. Bd2 f5 12. Rc1 c6 13. e3 Ba7 14. Ne2 g5 15. c5
f4 16. exf4 gxf4 17. Qb3+ d5 18. d4 f3 19. Bxf3 Bh3 20. Bg2 Bxg2 21. Kxg2 Ng6
22. dxe5 Nxe5 23. Nf4 Qd7 24. Qc3 Rae8 25. Qd4 Bb8 26. Bc3 Rxf4 27. Qxf4 Ng6
28. Qg5 d4 29. Rcd1 Re5 30. Rxd4 Qxd4 31. Qxg6+ hxg6 32. Bxd4 Rd5 33. Re1 Kf7
34. Re4 Bc7 35. h4 a5 36. g4 axb4 37. axb4 Bd8 38. g5 b6 39. cxb6 Rb5 40. Bc5
Bxb6 41. Re7+ Kg8 42. Rb7 Bxc5 43. Rxb5 cxb5 44. bxc5 Kf7 45. c6 Ke6 46. h5 b4
47. hxg6 b3 48. g7 Kf7 49. c7 1-0

[Event "Frederica Chess WIM 2022"]
[Site "Fredericia"]
[Date "2022.05.26"]
[Round "4.3"]
[White "Andersson, Christin"]
[Black "Goossens, Hanne"]
[Result "1-0"]
[WhiteElo "2028"]
[BlackElo "2184"]
[PlyCount "171"]
[EventDate "2022.05.25"]
[EventType "tourn"]
[EventRounds "10"]
[EventCountry "DEN"]

1. e4 c5 2. Nf3 Nc6 3. d4 cxd4 4. Nxd4 Nf6 5. Nc3 d6 6. Bb5 Bd7 7. O-O e6 8.
Re1 Be7 9. Nxc6 bxc6 10. Ba4 e5 11. Bg5 Qc7 12. Qd3 h6 13. Bxf6 Bxf6 14. Rad1
Be7 15. Ne2 O-O 16. Ng3 g6 17. Ne2 Qb6 18. Bb3 a5 19. Nc3 Kg7 20. Qe3 Qxe3 21.
Rxe3 f5 22. exf5 gxf5 23. Ba4 Rad8 24. Red3 d5 25. Ne2 Kf6 26. c4 d4 27. Kf1
Be6 28. f4 c5 29. fxe5+ Kxe5 30. Bb3 f4 31. Re1 Kd6 32. Nxd4 cxd4 33. Rxd4+ Kc7
34. Rxd8 Bxc4+ 35. Bxc4 Bxd8 36. Re4 Rf6 37. Ke2 Kb6 38. Kf3 Bc7 39. Re6+ Rxe6
40. Bxe6 Bd6 41. h3 Kc7 42. Ke4 Kd8 43. Kd5 Ke7 44. Bg4 Bb4 45. Kc6 Bd2 46. a3
a4 47. Kb5 Bc1 48. Kxa4 Bxb2 49. Kb3 Bc1 50. a4 Bd2 51. Kc2 Ba5 52. Kd3 Kd6 53.
Ke4 Bd2 54. Bf3 Ke6 55. Kd4 Kd6 56. Kc4 Be3 57. a5 Ba7 58. Kd3 Ke5 59. Kc4 Kd6
60. Kb5 Kc7 61. a6 Bg1 62. Kc4 Kd6 63. Be4 Ba7 64. Bb7 Ke5 65. Bc8 Bg1 66. Kd3
Ba7 67. Ke2 Bb8 68. Kf3 Kf6 69. Ke4 Ke7 70. Kf5 Kf7 71. Bb7 Ke7 72. Kg6 Ba7 73.
Kxh6 Kf6 74. Be4 Be3 75. Kh7 Kf7 76. Bd5+ Kf6 77. Kg8 Bc5 78. Be4 Ke5 79. Bd3
Kf6 80. Kh7 Be3 81. Be4 Ba7 82. h4 Be3 83. h5 Kg5 84. Bg6 Bd4 85. Kg8 Kf6 86.
h6 1-0

[Event "Frederica Chess WIM 2022"]
[Site "Fredericia"]
[Date "2022.05.27"]
[Round "5.1"]
[White "Durrfeld, Sofie Bech"]
[Black "Lach, Aleksandra"]
[Result "0-1"]
[WhiteElo "1773"]
[BlackElo "2202"]
[PlyCount "78"]
[EventDate "2022.05.25"]
[EventType "tourn"]
[EventRounds "10"]
[EventCountry "DEN"]

1. e4 c5 2. Nc3 Nc6 3. Bb5 Nd4 4. Nf3 a6 5. Bd3 g6 6. Rb1 Nc6 7. a3 b5 8. e5 d5
9. exd6 Qxd6 10. O-O Nf6 11. Ne4 Nxe4 12. Bxe4 Bb7 13. d4 O-O-O 14. c3 Bg7 15.
Be3 f5 16. Bxc6 Qxc6 17. Qe2 e5 18. dxe5 Bxe5 19. Rfd1 Rxd1+ 20. Rxd1 Bc7 21.
c4 f4 22. Bd2 Re8 23. Qf1 g5 24. cxb5 axb5 25. Rc1 Rd8 26. Bc3 g4 27. Ne5 Qe4
28. Re1 Qa4 29. Nf7 Rf8 30. Re7 Bd5 31. Ne5 Rd8 32. Qd3 Be4 33. Rxc7+ Kxc7 34.
Qf1 Rd1 35. Be1 Qd4 36. Nxg4 Qd3 37. f3 Qb1 38. Kf2 Bd3 39. Ba5+ Kb7 0-1

[Event "Frederica Chess WIM 2022"]
[Site "Fredericia"]
[Date "2022.05.27"]
[Round "5.2"]
[White "Goossens, Hanne"]
[Black "Doluhanova, Evgeniya"]
[Result "1-0"]
[WhiteElo "2184"]
[BlackElo "2270"]
[PlyCount "87"]
[EventDate "2022.05.25"]
[EventType "tourn"]
[EventRounds "10"]
[EventCountry "DEN"]

1. d4 Nf6 2. Nc3 d5 3. Bf4 e6 4. Nb5 Na6 5. e3 Be7 6. Nf3 O-O 7. Be2 Ne4 8. O-O
c6 9. Nc3 Nxc3 10. bxc3 Qa5 11. c4 Bd7 12. cxd5 cxd5 13. c4 dxc4 14. Bxc4 Rac8
15. Ne5 Ba4 16. Qg4 Nc7 17. Nxf7 Rxf7 18. Bxc7 Rxc7 19. Bxe6 Ba3 20. d5 Qb4 21.
e4 g6 22. Rab1 Qc3 23. e5 Bc2 24. d6 Kg7 25. dxc7 Rxc7 26. Rbe1 Bd3 27. Qf3
Bxf1 28. Qf6+ Kh6 29. Re3 Be2 30. Rxc3 Rxc3 31. h3 Rc6 32. Qf4+ Kg7 33. Bd5
Rc1+ 34. Kh2 Rd1 35. Bf3 Re1 36. Bxe2 Rxe2 37. Qf3 Rxa2 38. Qxb7+ Kh6 39. Qxa7
Ra1 40. Qe3+ Kg7 41. e6 Bd6+ 42. g3 Kf8 43. Qd4 Ra6 44. Qf6+ 1-0

[Event "Frederica Chess WIM 2022"]
[Site "Fredericia"]
[Date "2022.05.27"]
[Round "5.3"]
[White "Dwilewicz, Katarzyna"]
[Black "Andersson, Christin"]
[Result "1-0"]
[WhiteElo "2079"]
[BlackElo "2028"]
[PlyCount "93"]
[EventDate "2022.05.25"]
[EventType "tourn"]
[EventRounds "10"]
[EventCountry "DEN"]

1. e4 e5 2. Nf3 d6 3. d4 exd4 4. Nxd4 Nf6 5. Nc3 Be7 6. Qf3 O-O 7. Nf5 Bxf5 8.
Qxf5 Nc6 9. Be3 Qc8 10. Qxc8 Raxc8 11. f3 Rfe8 12. O-O-O a6 13. g4 Ne5 14. g5
Nfd7 15. Be2 b5 16. b3 Nb6 17. f4 Ng6 18. h4 Bf8 19. h5 Ne7 20. Bg4 Rcd8 21.
Rhe1 c5 22. a3 Nc6 23. Bf2 b4 24. Nd5 Nxd5 25. exd5 Rxe1 26. Bxe1 Nd4 27. axb4
Re8 28. bxc5 dxc5 29. Bg3 Bd6 30. Kd2 Re4 31. Kd3 Re8 32. Ra1 Ra8 33. Ra5 Kf8
34. b4 Nb5 35. c4 Bc7 36. Ra1 Nd4 37. Bf2 Bxf4 38. bxc5 Nb3 39. Rb1 Rb8 40. Kc2
Na5 41. Rxb8+ Bxb8 42. Kc3 Bf4 43. c6 g6 44. h6 f5 45. gxf6 Kf7 46. Bd4 Bc7 47.
Be6+ 1-0

[Event "Frederica Chess WIM 2022"]
[Site "Fredericia"]
[Date "2022.05.27"]
[Round "6.1"]
[White "Doluhanova, Evgeniya"]
[Black "Lach, Aleksandra"]
[Result "1-0"]
[WhiteElo "2270"]
[BlackElo "2202"]
[PlyCount "95"]
[EventDate "2022.05.25"]
[EventType "tourn"]
[EventRounds "10"]
[EventCountry "DEN"]

1. c4 f5 2. b3 d6 3. Nc3 Nf6 4. Bb2 e5 5. g3 g6 6. e4 Nc6 7. Bg2 Bg7 8. Nge2
O-O 9. O-O f4 10. f3 g5 11. Nd5 Nxd5 12. cxd5 Ne7 13. d4 Ng6 14. Rc1 Rf7 15.
Qd2 Qf8 16. dxe5 Bxe5 17. Bxe5 dxe5 18. Rc3 g4 19. gxf4 gxf3 20. Rcxf3 Bg4 21.
Rg3 Bxe2 22. Qxe2 exf4 23. Rg5 Qe7 24. h4 Rg7 25. Qg4 Rf8 26. h5 Ne5 27. Rxg7+
Qxg7 28. Qxg7+ Kxg7 29. Bh3 f3 30. Bf5 Kh6 31. Kf2 c6 32. d6 Rd8 33. d7 Kxh5
34. Rg1 Kh6 35. Ke3 c5 36. Rh1+ Kg5 37. Rxh7 Kf6 38. a4 b6 39. Kf2 a6 40. Rh6+
Kg5 41. Re6 Kf4 42. Re8 Nc6 43. Bh3 b5 44. axb5 axb5 45. e5 c4 46. bxc4 bxc4
47. Rxd8 Nxd8 48. e6 1-0

[Event "Frederica Chess WIM 2022"]
[Site "Fredericia"]
[Date "2022.05.27"]
[Round "6.2"]
[White "Dwilewicz, Katarzyna"]
[Black "Goossens, Hanne"]
[Result "1/2-1/2"]
[WhiteElo "2079"]
[BlackElo "2184"]
[PlyCount "63"]
[EventDate "2022.05.25"]
[EventType "tourn"]
[EventRounds "10"]
[EventCountry "DEN"]

1. e4 c5 2. Nf3 Nc6 3. d4 cxd4 4. Nxd4 Nf6 5. Nc3 d6 6. f3 e5 7. Nb3 Be6 8. Be3
d5 9. exd5 Nxd5 10. Nxd5 Qxd5 11. Qxd5 Bxd5 12. O-O-O O-O-O 13. Bb5 a6 14. Bxc6
Bxc6 15. Na5 Rxd1+ 16. Rxd1 Bb5 17. c4 Ba4 18. b3 Be8 19. c5 f6 20. Nc4 Bc6 21.
Kb2 Be7 22. Nd6+ Kc7 23. Bd2 b6 24. Bb4 bxc5 25. Ba5+ Kb8 26. Nf5 Re8 27. Nxe7
Rxe7 28. Bb6 Kb7 29. Bxc5 Re8 30. Kc3 e4 31. fxe4 Bxe4 32. g3 1/2-1/2

[Event "Frederica Chess WIM 2022"]
[Site "Fredericia"]
[Date "2022.05.27"]
[Round "6.3"]
[White "Durrfeld, Sofie Bech"]
[Black "Andersson, Christin"]
[Result "0-1"]
[WhiteElo "1773"]
[BlackElo "2028"]
[PlyCount "44"]
[EventDate "2022.05.25"]
[EventType "tourn"]
[EventRounds "10"]
[EventCountry "DEN"]

1. e4 e5 2. Bc4 d6 3. Nc3 Nf6 4. d3 c6 5. Nf3 Be6 6. O-O Bxc4 7. dxc4 Be7 8.
Qd3 Nbd7 9. Be3 O-O 10. Ne2 d5 11. Ng3 dxe4 12. Nxe4 Nxe4 13. Qxe4 f5 14. Qd3
e4 15. Qb3 exf3 16. Rfd1 Qe8 17. Qxb7 Ne5 18. Bd4 Qg6 19. g3 Qh5 20. Kh1 Qh3
21. Rg1 Ng4 22. Qxe7 Qxh2# 0-1

[Event "Frederica Chess WIM 2022"]
[Site "Fredericia"]
[Date "2022.05.28"]
[Round "7.1"]
[White "Dwilewicz, Katarzyna"]
[Black "Doluhanova, Evgeniya"]
[Result "1/2-1/2"]
[WhiteElo "2079"]
[BlackElo "2270"]
[PlyCount "95"]
[EventDate "2022.05.25"]
[EventType "tourn"]
[EventRounds "10"]
[EventCountry "DEN"]

1. e4 e5 2. Nf3 Nc6 3. Bc4 Bc5 4. c3 Nf6 5. d4 exd4 6. e5 d5 7. Bb5 Ne4 8. cxd4
Bb6 9. Nc3 Bg4 10. Be3 O-O 11. h3 Bh5 12. Qc2 Bg6 13. Qb3 Nxc3 14. bxc3 Na5 15.
Qd1 c6 16. Be2 f6 17. O-O Bc7 18. Bf4 Be4 19. Bg3 Bxf3 20. Bxf3 fxe5 21. dxe5
Qg5 22. Re1 Rae8 23. Qd4 Bb6 24. Qg4 Qxg4 25. Bxg4 Nc4 26. Bd7 Re7 27. e6 g5
28. Rad1 Bc5 29. h4 Nb6 30. hxg5 Nxd7 31. exd7 Rxd7 32. Re6 Rg7 33. Re5 Rgf7
34. Rd2 Rf5 35. Rde2 Rxe5 36. Bxe5 Rf5 37. Bf6 h6 38. Be7 Bxe7 39. Rxe7 hxg5
40. Rxb7 Rf7 41. Rb8+ Rf8 42. Rxf8+ Kxf8 43. f3 Ke7 44. Kf2 Ke6 45. g3 Ke5 46.
Ke3 c5 47. Kd3 Kf5 48. Ke3 1/2-1/2

[Event "Frederica Chess WIM 2022"]
[Site "Fredericia"]
[Date "2022.05.28"]
[Round "7.2"]
[White "Andersson, Christin"]
[Black "Lach, Aleksandra"]
[Result "0-1"]
[WhiteElo "2028"]
[BlackElo "2202"]
[PlyCount "128"]
[EventDate "2022.05.25"]
[EventType "tourn"]
[EventRounds "10"]
[EventCountry "DEN"]

1. e4 c5 2. Nf3 g6 3. d4 cxd4 4. Nxd4 Nc6 5. Nxc6 bxc6 6. Qd4 Nf6 7. e5 Nd5 8.
Bc4 Qb6 9. c3 Bg7 10. O-O Qc7 11. f4 O-O 12. Nd2 d6 13. Nf3 Nb6 14. Bb3 Bg4 15.
Ng5 c5 16. Qf2 c4 17. Bc2 h6 18. exd6 exd6 19. Nf3 Bxf3 20. Qxf3 f5 21. Be3
Rae8 22. Rad1 Re6 23. a4 Rfe8 24. Bf2 Nd7 25. Rd5 Re2 26. Rc1 Nf6 27. Rdd1 Ng4
28. Bg3 Qb6+ 29. Kh1 Qxb2 30. Qd5+ Kh8 31. Qf7 Rf8 32. Qxc4 Rxc2 33. Rb1 Qxc3
34. Qxc3 Rxc3 35. Rxd6 Rfc8 36. h3 Rc1+ 37. Rd1 Rxd1+ 38. Rxd1 Ne3 39. Rb1 Rc2
40. Bh2 Nxg2 41. Bg1 Nh4 42. Bxa7 Nf3 43. Bg1 Ra2 44. Rf1 Nxg1 45. Kxg1 Rxa4
46. h4 h5 47. Kg2 Bf6 48. Kg3 Ra3+ 49. Kh2 Bxh4 50. Rb1 Bg3+ 51. Kh3 Bxf4+ 52.
Kh4 Ra4 53. Rb7 Bh6+ 54. Kg3 Bg7 55. Kh3 Kh7 56. Kg3 Kh6 57. Kh3 Ra3+ 58. Kh2
Be5+ 59. Kh1 h4 60. Re7 Bg3 61. Rd7 h3 62. Rd1 Ra2 63. Rf1 Kh5 64. Rd1 Re2 0-1

[Event "Frederica Chess WIM 2022"]
[Site "Fredericia"]
[Date "2022.05.28"]
[Round "7.3"]
[White "Goossens, Hanne"]
[Black "Durrfeld, Sofie Bech"]
[Result "1-0"]
[WhiteElo "2184"]
[BlackElo "1773"]
[PlyCount "55"]
[EventDate "2022.05.25"]
[EventType "tourn"]
[EventRounds "10"]
[EventCountry "DEN"]

1. d4 d5 2. Nc3 e6 3. Bf4 Bb4 4. e3 Nf6 5. Bd3 c5 6. dxc5 Nbd7 7. Nge2 O-O 8.
O-O Nxc5 9. Bg5 Nxd3 10. Qxd3 b6 11. Rfd1 Bb7 12. a3 Bd6 13. e4 Bxh2+ 14. Kf1
Bd6 15. exd5 exd5 16. Qf5 Be7 17. Rd4 Qc8 18. Qd3 Ba6 19. Qf3 Qe6 20. Kg1 Qe5
21. Bh4 Ne4 22. Rxd5 Nd2 23. Qh3 Bc8 24. Rxe5 Bxh3 25. Bxe7 Rfe8 26. b3 f6 27.
Re3 Bf5 28. Nd4 1-0

[Event "Frederica Chess WIM 2022"]
[Site "Fredericia"]
[Date "2022.05.28"]
[Round "8.1"]
[White "Durrfeld, Sofie Bech"]
[Black "Dwilewicz, Katarzyna"]
[Result "0-1"]
[WhiteElo "1773"]
[BlackElo "2079"]
[PlyCount "76"]
[EventDate "2022.05.25"]
[EventType "tourn"]
[EventRounds "10"]
[EventCountry "DEN"]

1. e4 e5 2. Bc4 Nf6 3. d3 c6 4. Nf3 d5 5. Bb3 Bd6 6. Nc3 d4 7. Ne2 Nbd7 8. c3
dxc3 9. bxc3 O-O 10. O-O b6 11. Ng3 Nc5 12. Bc2 Re8 13. Nh4 Bf8 14. Nhf5 h6 15.
f4 exf4 16. Bxf4 Ba6 17. e5 Nh7 18. Qg4 Kh8 19. Nd6 Bxd6 20. exd6 Nf6 21. Qf3
Nd5 22. Bd2 Qxd6 23. Qxf7 Rf8 24. Qh5 Bxd3 25. Bxd3 Nxd3 26. Nf5 Qc5+ 27. Nd4
Nxc3 28. Qxc5 bxc5 29. Ne6 Ne2+ 30. Kh1 Nf2+ 31. Rxf2 Rxf2 32. Be3 Rf5 33. Bxc5
Re8 34. Nc7 Rc8 35. Na6 Nc3 36. Bd4 Nb5 37. Bg1 c5 38. Rb1 Nc3 0-1

[Event "Frederica Chess WIM 2022"]
[Site "Fredericia"]
[Date "2022.05.28"]
[Round "8.2"]
[White "Doluhanova, Evgeniya"]
[Black "Andersson, Christin"]
[Result "1-0"]
[WhiteElo "2270"]
[BlackElo "2028"]
[PlyCount "149"]
[EventDate "2022.05.25"]
[EventType "tourn"]
[EventRounds "10"]
[EventCountry "DEN"]

1. Nf3 Nf6 2. b3 d5 3. Bb2 c5 4. e3 Nc6 5. Bb5 Bd7 6. O-O e6 7. d3 a6 8. Bxc6
Bxc6 9. Ne5 Bd6 10. Nd2 Bxe5 11. Bxe5 O-O 12. f4 Nd7 13. Bb2 f6 14. Qg4 Qe7 15.
Rf3 e5 16. f5 Rf7 17. Rh3 d4 18. e4 b5 19. Rf1 Nf8 20. Bc1 a5 21. Nf3 a4 22.
Nh4 axb3 23. axb3 Bd7 24. Qh5 g5 25. fxg6 hxg6 26. Rg3 Rh7 27. Nxg6 Rxh5 28.
Nxe7+ Kf7 29. Nd5 Ra6 30. Rgf3 f5 31. g4 Rh7 32. gxf5 Bc6 33. Nc7 Ra2 34. R3f2
Rg7+ 35. Kh1 Kf6 36. Ne6 Nxe6 37. fxe6+ Kxe6 38. h4 c4 39. bxc4 bxc4 40. Bg5
cxd3 41. Rf6+ Kd7 42. cxd3 Bb5 43. Rb1 Bc6 44. Rb6 Ba8 45. Kg1 Ra3 46. Ra6 Rxa6
47. Rxa6 Bb7 48. Ra7 Ke6 49. Kf2 Rf7+ 50. Kg3 Bc8 51. Ra8 Bb7 52. Rh8 Rf1 53.
Rh6+ Kd7 54. Rh7+ Kc6 55. Re7 Ba6 56. Re6+ Kb7 57. Rxe5 Bxd3 58. h5 Rg1+ 59.
Kf2 Rh1 60. h6 Rh5 61. Kf3 Kc6 62. Kg4 Be2+ 63. Kf5 d3 64. Kf6 Bf3 65. Be3 Rh4
66. Kf5 Kd6 67. Rd5+ Kc6 68. Rd4 Be2 69. Bg5 Rh1 70. Kg6 Bh5+ 71. Kg7 Rg1 72.
h7 Rxg5+ 73. Kh6 Rg6+ 74. Kxh5 Rg3 75. Kh4 1-0

[Event "Frederica Chess WIM 2022"]
[Site "Fredericia"]
[Date "2022.05.28"]
[Round "8.3"]
[White "Lach, Aleksandra"]
[Black "Goossens, Hanne"]
[Result "1-0"]
[WhiteElo "2202"]
[BlackElo "2184"]
[PlyCount "105"]
[EventDate "2022.05.25"]
[EventType "tourn"]
[EventRounds "10"]
[EventCountry "DEN"]

1. e4 c5 2. Nc3 a6 3. Nge2 d6 4. g3 Nc6 5. Bg2 g6 6. d3 Bg7 7. O-O Bd7 8. f4 e6
9. h3 Nge7 10. a4 Rb8 11. g4 f5 12. Ng3 O-O 13. Nce2 b5 14. axb5 axb5 15. c3 b4
16. Be3 bxc3 17. bxc3 Qb6 18. Rc1 Na5 19. gxf5 exf5 20. Qe1 fxe4 21. dxe4 Nc4
22. Qf2 Bc6 23. Rcd1 Qb7 24. Bc1 Ba4 25. e5 d5 26. Rde1 Qc7 27. Bf3 Kh8 28. Be3
Nxe3 29. Qxe3 Bb5 30. Rf2 Bc4 31. h4 Bh6 32. Bg4 Bb5 33. Kh2 Nf5 34. Bxf5 gxf5
35. Qf3 Qf7 36. Ng1 Rg8 37. Nh3 Rg4 38. e6 Qf6 39. Qxd5 Rxg3 40. Ng5 Bxg5 41.
fxg5 Qxc3 42. Qxf5 Re3 43. Rxe3 Qxe3 44. Qf6+ Kg8 45. Qf7+ Kh8 46. Qf6+ Kg8 47.
e7 Qxf2+ 48. Qxf2 Bc4 49. Qxc5 Bf7 50. Qe5 Re8 51. Kg3 Ra8 52. h5 Re8 53. h6
1-0

[Event "Frederica Chess WIM 2022"]
[Site "Fredericia"]
[Date "2022.05.29"]
[Round "9.1"]
[White "Dwilewicz, Katarzyna"]
[Black "Lach, Aleksandra"]
[Result "1/2-1/2"]
[WhiteElo "2079"]
[BlackElo "2202"]
[PlyCount "61"]
[EventDate "2022.05.25"]
[EventType "tourn"]
[EventRounds "10"]
[EventCountry "DEN"]

1. e4 c5 2. Nf3 Nc6 3. d4 cxd4 4. Nxd4 g6 5. c4 Nf6 6. Nc3 d6 7. Be2 Nxd4 8.
Qxd4 Bg7 9. Be3 O-O 10. Qd2 a5 11. Rc1 a4 12. f3 Qa5 13. Rc2 Be6 14. Nd5 Nxd5
15. cxd5 Rfc8 16. Qxa5 Rxa5 17. Kd2 Rxc2+ 18. Kxc2 Bd7 19. Rc1 e6 20. Rd1 exd5
21. Rxd5 Rxd5 22. exd5 Kf8 23. Bd3 Ke7 24. Bg5+ Ke8 25. Be3 Ke7 26. Bg5+ Ke8
27. Be3 Ke7 28. Bg5+ Ke8 29. Be3 Ke7 30. Bg5+ Ke8 31. Be3 1/2-1/2